000 00457nmm a2200145Ia 4500
008 251105s9999||||xx |||||||||||||||||und||
041 _aspa
100 _aSalrach Marés, Josep Maria
245 0 _aLa formación de los Países Catalanes
264 _a[Madrid, España] :
_bUniversitat Oberta de Catalunya,
_c2016
300 _a88 páginas
650 _aHistory of Europe: Spain
856 _uhttps://public.digitaliapublishing.com/a/43982
942 _cCF
999 _c106251
_d106251